Pokémon de type Insecte - Mort Subite - Statistiques

Statistiques générales
  • Ce quiz a été pris 265 fois
    13 depuis la dernière actualisation
  • Le résultat moyen est 16 sur 20
Answers on the Grid
Answers color-coded by a green-red scale on the quiz's grid according to % correct below.
Chenipan
Carabing
Filentrappe
Lépidonille
Cizayox
Fermite
Mouscoto
Rubombelle
Scolocendre
Paras
Rapion
Coléodôme
Bérasca
Munja
Gambex
Apitrini
Yanma
Crabaraque
Maskadra
Sarmuraï
Mite-de-Fer
Opermine
Krabby
Poltchageist
Farigiraf
Vémini
Noacier
Coupenotte
Métamorph
Miasmax
Métang
Fantyrm
Cliticlic
Ferdeter
Épine-de-Fer
Diamat
 
Statistiques - réponses
Réponse % Correct
Paras
100%
Cizayox
92%
Carabing
83%
Chenipan
83%
Coléodôme
83%
Lépidonille
83%
Munja
83%
Rubombelle
83%
Yanma
83%
Apitrini
75%
Fermite
75%
Filentrappe
75%
Gambex
75%
Maskadra
75%
Mouscoto
75%
Rapion
75%
Sarmuraï
75%
Bérasca
67%
Crabaraque
67%
Scolocendre
67%
Aucun quiz correspondant
Distribution des résultats
% des personnes avec chaque résultat
Percentile par nombre de réponses
Votre historique - résultats
Vous n’avez pas pris ce quiz depuis la dernière actualisation